• 首页
  • 本馆介绍
  • 公告通知
  • 最新文献
  • 馆藏检索
  • 电子资源
  • 读者导购
  • 参考咨询
  • 我的图书馆
  • 登录
  • 详细信息显示
  • 放入我的书架
  • 预约/预借图书
  • 作者相关作品
  • 分类相关作品
  • 丛书相关作品
  • 出版社相关作品

书目信息

  • 表格格式
  • 工作单格式
  • 卡片格式
题名:
新编盘饰250种
    
 
作者: 孙荪 , 孙莹 著
分册:  
出版信息: 上海   上海科学技术文献出版社  2000
页数: 103页
开本: 17cm
丛书名:
单 册:
中图分类: TS935.5
科图分类:
主题词: 编织--造型(艺术)--图案--图集 , 图案 , 造型(艺术)
电子资源:
ISBN: 7-5439-1424-7
000 00923nam0 2200277 45
001 0900000029142
005 20051122093421.35
010    @a7-5439-1424-7@dCNY22.50
092    @aCN
100    @a20050415e20012000ekmy0chiy0120 ea
101 0  @achi
102    @aCN@b310000
105    @aa z 000yy
200 1  @a新编盘饰250种@9xin bian pan shi 250 zhong@e纽扣· 盘花·饰品@f孙荪,孙莹著@Fsun sun,sun ying zhu
210    @a上海@c上海科学技术文献出版社@d2000@h2001重印
215    @a103页@c图@d17cm
330    @a中国传统装饰结是中国特有的民间手工编结工艺,历经数千年。本书主要采用传统装饰结编结扣、盘花、饰品及动物造型近250种,并附有编结步骤分解操作图。
606 0  @a编织@x造型(艺术)@x图案@j图集
606 0  @a图案
606 0  @a造型(艺术)
690    @aTS935.5@v4
701  0 @a孙荪@Asun sun@4著
701  0 @a孙莹@Asun ying@4著
801  0 @aCN@bTSSF@c20051122
905    @a10447@dTS935.5@e28
999    @aHSJ@eJDD
    
    新编盘饰250种:纽扣· 盘花·饰品/孙荪,孙莹著.-上海:上海科学技术文献出版社,2000(2001重印)
    103页:图;17cm
    
    
    ISBN 7-5439-1424-7:CNY22.50
    中国传统装饰结是中国特有的民间手工编结工艺,历经数千年。本书主要采用传统装饰结编结扣、盘花、饰品及动物造型近250种,并附有编结步骤分解操作图。
●
相关链接 在E读中查询图书 在五车中查询图书 在当当中查询图书 在豆瓣中查询图书


正题名:新编盘饰250种     索取号:TS935.5/28         预约/预借

序号 登录号 条形码 馆藏地/架位号 状态 备注
1 0368680   203686804   第二样本阅览室/ [索取号:TS935.5/28] 在馆    
2 0368681   203686813   第三借阅区/ [索取号:TS935.5/28] 在馆    
3 0368682   203686822   第三借阅区/ [索取号:TS935.5/28] 在馆    
4 0368683   203686831   第三借阅区/ [索取号:TS935.5/28] 在馆    
5 0368684   203686840   第三借阅区/ [索取号:TS935.5/28] 在馆    
6 0368685   203686859   第三借阅区/ [索取号:TS935.5/28] 在馆    
7 0368686   203686868   第三借阅区/ [索取号:TS935.5/28] 在馆    
8 0368687   203686877   第三借阅区/ [索取号:TS935.5/28] 在馆    
欢迎您!
大连网信软件有限公司© 版权所有